000 00458nam a2200193Ia 4500
005 20240823032843.0
008 240823s9999||||xx |||||||||||||| ||und||
020 _a978-81-907708-3-5
041 _aENGLISH
082 _A372.21 Q1
100 _aLaskhmi Narayanan K R
245 0 _aValue Education
250 _a1st
260 _c2011
_bNal Nilam Pathi
500 _aLOST
650 _aGeneral
_bGeneral
700 _a Uma Maheshwari M
942 _cBK
999 _c194416
_d194416